[Event "SVK-chT3B2 2324"]
[Site "Slovakia"]
[Date "2024.01.21"]
[Round "6.8"]
[White "Matieska, Branislav Jan"]
[Black "Krajci, Hugo"]
[Result "1-0"]
[WhiteElo "1000"]
[BlackElo "1125"]
[PlyCount "75"]
[EventDate "2023.10.15"]
[EventType "team-tourn"]
[EventRounds "11"]
[EventCountry "SVK"]
[SourceTitle "EXT 2025"]
[Source "ChessBase"]
[SourceDate "2024.10.14"]
[SourceVersion "1"]
[SourceVersionDate "2024.10.14"]
[SourceQuality "1"]
[WhiteTeam "Handlova"]
[BlackTeam "Puchov Vcielka"]
[WhiteTeamCountry "SVK"]
[BlackTeamCountry "SVK"]

1. e4 e6 2. d4 d5 3. e5 c5 4. c3 Nc6 5. Nf3 Bd7 6. Be3 cxd4 7. cxd4 Bb4+ 8. Bd2 Ba5 9. Bxa5 Qxa5+ 10. Nc3 Nge7 11. Bb5 0-0 12. 0-0 Nf5 13. a3 a6 14. Bxc6 Bxc6 15. Qd3 Bb5 16. Nxb5 Qxb5 17. Qb1 Rac8 18. Ng5 g6 19. Rd1 Qd7 20. g4 Nh4 21. Qd3 Qe7 22. f4 f6 23. exf6 Qxf6 24. Rf1 Qg7 25. Nxe6 Qh6 26. Nxf8 Rxf8 27. Qg3 g5 28. f5 Qf6 29. Qe5 Qc6 30. Rae1 Qc2 31. Qxd5+ Rf7 32. Re7 Qg2+ 33. Qxg2 Nxg2 34. Rxf7 Kxf7 35. Kxg2 Ke7 36. Rd1 Kd6 37. d5 b6 38. f6 1-0

[Event "SVK-chT3B2 2324"]
[Site "Slovakia"]
[Date "2023.11.19"]
[Round "4.5"]
[White "Cyprian, Marian"]
[Black "Krajci, Hugo"]
[Result "1-0"]
[WhiteElo "1836"]
[BlackElo "1125"]
[PlyCount "75"]
[EventDate "2023.10.15"]
[EventType "team-tourn"]
[EventRounds "11"]
[EventCountry "SVK"]
[SourceTitle "EXT 2025"]
[Source "ChessBase"]
[SourceDate "2024.10.14"]
[SourceVersion "1"]
[SourceVersionDate "2024.10.14"]
[SourceQuality "1"]
[WhiteTeam "Nemsova Horne Srnie"]
[BlackTeam "Puchov Vcielka"]
[WhiteTeamCountry "SVK"]
[BlackTeamCountry "SVK"]

1. d4 e6 2. Nf3 d5 3. Bf4 c5 4. e3 Nc6 5. c3 Bd7 6. Nbd2 Nf6 7. Bd3 Be7 8. 0-0 0-0 9. h3 c4 10. Bc2 h6 11. Qe2 b5 12. a3 Na5 13. Ne5 Bc8 14. Bh2 Bd6 15. f4 Nd7 16. e4 Nxe5 17. fxe5 Be7 18. Qg4 Bg5 19. Bf4 Nc6 20. Bxg5 Qxg5 21. Qxg5 hxg5 22. Rf2 Ne7 23. Raf1 Rb8 24. Nf3 f6 25. Nxg5 Bd7 26. exf6 gxf6 27. Rxf6 Rxf6 28. Rxf6 a5 29. Rf7 Re8 30. e5 Bc6 31. Rf6 Rf8 32. Rxe6 Re8 33. Rf6 Kg7 34. Ne6+ Kg8 35. Ng5 Kg7 36. h4 Rf8 37. Ne6+ Kg8 38. Rxf8# 1-0

[Event "SVK-chT3B2 2324"]
[Site "Slovakia"]
[Date "2023.10.22"]
[Round "2.5"]
[White "Lasch, Filip"]
[Black "Krajci, Hugo"]
[Result "1-0"]
[WhiteElo "1407"]
[BlackElo "1125"]
[PlyCount "69"]
[EventDate "2023.10.15"]
[EventType "team-tourn"]
[EventRounds "11"]
[EventCountry "SVK"]
[SourceTitle "EXT 2025"]
[Source "ChessBase"]
[SourceDate "2024.10.14"]
[SourceVersion "1"]
[SourceVersionDate "2024.10.14"]
[SourceQuality "1"]
[WhiteTeam "Dubnica nad Vahom IV"]
[BlackTeam "Puchov Vcielka"]
[WhiteTeamCountry "SVK"]
[BlackTeamCountry "SVK"]

1. d4 e6 2. e4 d5 3. e5 Nc6 4. Nf3 g6 5. g3 Bg7 6. Bg2 Nge7 7. 0-0 0-0 8. Bg5 b6 9. Nbd2 Ba6 10. Re1 Rc8 11. c3 Bb5 12. a4 Ba6 13. b4 b5 14. Bf1 Rb8 15. Nb3 bxa4 16. Bxa6 axb3 17. Qxb3 Re8 18. Bd3 Ra8 19. Bb5 Qd7 20. Ra6 Rab8 21. Qa4 Rb6 22. Bxe7 Rxe7 23. Bxc6 Qc8 24. Rxa7 f6 25. b5 Rf7 26. Kg2 Rf8 27. Ra1 Rb8 28. Qb4 Rf7 29. Ra8 f5 30. Rxb8 Qxb8 31. Ra8 Qxa8 32. Bxa8 Bf8 33. Qa5 Kg7 34. Ng5 Rd7 35. Nxe6+ 1-0

[Event "SVK-chT3B2 2223"]
[Site "Slovakia"]
[Date "2022.10.23"]
[Round "1.6"]
[White "Adamik, Frantisek1"]
[Black "Krajci, Hugo"]
[Result "0-1"]
[WhiteElo "1367"]
[BlackElo "1119"]
[PlyCount "82"]
[EventDate "2022.10.23"]
[EventType "team-tourn"]
[EventRounds "11"]
[EventCountry "SVK"]
[SourceTitle "EXT 2024"]
[Source "ChessBase"]
[SourceDate "2023.10.10"]
[SourceVersion "1"]
[SourceVersionDate "2023.10.10"]
[SourceQuality "1"]
[WhiteTeam "Lehota pod Vtacnikom"]
[BlackTeam "Puchov Vcielka"]
[WhiteTeamCountry "SVK"]
[BlackTeamCountry "SVK"]

1. e4 e5 2. f4 d6 3. Nf3 Nd7 4. Bc4 Ngf6 5. Nc3 b6 6. Ng5 d5 7. exd5 Bd6 8. fxe5 Nxe5 9. Bb3 0-0 10. d4 Ng6 11. 0-0 h6 12. Nge4 Nxe4 13. Nxe4 Bb7 14. Nxd6 Qxd6 15. c4 c6 16. dxc6 Qxc6 17. d5 Qd6 18. Bc2 Ba6 19. b3 b5 20. Bd3 bxc4 21. Bxg6 Qxg6 22. Rf3 cxb3 23. axb3 Bc8 24. Be3 Bg4 25. h3 Bxf3 26. Qxf3 Rfe8 27. Rxa7 Rxa7 28. Bxa7 Qe4 29. Qxe4 Rxe4 30. d6 Re1+ 31. Kh2 Rd1 32. Bc5 Kh7 33. b4 Kg6 34. b5 Kf6 35. b6 Ke6 36. Bb4 Rb1 37. Bc5 Kd7 38. Kg3 g6 39. Kg4 f6 40. Kf4 Rc1 41. Ba3 Rc4+ 0-1

[Event "SVK-ch U12"]
[Site "Stara Lubovna"]
[Date "2022.05.24"]
[Round "5"]
[White "Stavac, Teodor"]
[Black "Krajci, Hugo"]
[Result "0-1"]
[WhiteElo "1000"]
[BlackElo "1178"]
[PlyCount "119"]
[EventDate "2022.05.21"]
[EventType "swiss"]
[EventRounds "9"]
[EventCountry "SVK"]
[SourceTitle "CBM 208 Extra"]
[Source "ChessBase"]
[SourceDate "2022.07.31"]
[SourceVersion "1"]
[SourceVersionDate "2022.07.31"]
[SourceQuality "1"]

1. e4 e5 2. Nf3 Nc6 3. Bb5 a6 4. Bxc6 dxc6 5. d4 exd4 6. 0-0 Bg4 7. Bf4 Bxf3 8. Qxf3 Bd6 9. e5 Bc5 10. Re1 Ne7 11. e6 0-0 12. Nd2 fxe6 13. Rxe6 Bd6 14. Re4 Ng6 15. g3 Rf6 16. Rae1 Qf8 17. Qb3+ Kh8 18. Bxd6 cxd6 19. R4e2 b5 20. Ne4 Re8 21. Rf1 Rfe6 22. Qd3 d5 23. f3 dxe4 24. fxe4 Qe7 25. Rfe1 c5 26. b3 h6 27. b4 cxb4 28. Qxd4 Ne5 29. Kg2 Nc6 30. Qd5 Qd8 31. Qf5 Qf6 32. Qd5 Qe5 33. Qd3 R8e7 34. Rf2 Qb8 35. h3 Qe8 36. Rf4 Ne5 37. Qd5 Ng6 38. Rg4 Ne5 39. Rh4 Qf8 40. Rf4 Qe8 41. Rf2 Rd7 42. Qb3 a5 43. Rfe2 Rde7 44. Qd5 Nc4 45. Qd3 Nd6 46. Kf3 g5 47. g4 Rf7+ 48. Kg3 Rf4 49. e5 Nc4 50. Qd5 Rf7 51. Qg2 Rxe5 52. Rxe5 Nxe5 53. Qe4 Re7 54. Qd4 Kg8 55. Qd5+ Qf7 56. Qd8+ Re8 57. Rxe5 Rxd8 58. Rxb5 Qf4+ 59. Kg2 Rd2+ 60. Kh1 0-1

[Event "SVK-chT3B2 2122"]
[Site "Slovakia"]
[Date "2022.02.13"]
[Round "4.5"]
[White "Hrubisko, Lukas"]
[Black "Krajci, Hugo"]
[Result "1-0"]
[WhiteElo "1314"]
[BlackElo "1000"]
[PlyCount "87"]
[EventDate "2021.10.24"]
[EventType "team-tourn"]
[EventRounds "11"]
[EventCountry "SVK"]
[SourceTitle "EXT 2023"]
[Source "ChessBase"]
[SourceDate "2022.10.05"]
[SourceVersion "1"]
[SourceVersionDate "2022.10.05"]
[SourceQuality "1"]
[WhiteTeam "Dubnica nad Vahom III"]
[BlackTeam "Puchov Vcielka"]
[WhiteTeamCountry "SVK"]
[BlackTeamCountry "SVK"]

1. d4 d5 2. Bf4 Nf6 3. Nf3 Bf5 4. e3 e6 5. Bd3 Bxd3 6. cxd3 Bb4+ 7. Nc3 0-0 8. Qb3 Nc6 9. 0-0 Rb8 10. Rac1 Bxc3 11. Rxc3 Na5 12. Qa3 Nc6 13. Rfc1 Qd7 14. Ne5 Nxe5 15. Bxe5 Ne8 16. Bxc7 Rc8 17. Bg3 Nf6 18. h3 h6 19. Rc7 Rxc7 20. Rxc7 Qb5 21. Rc5 Qb6 22. Bc7 Qa6 23. Qxa6 bxa6 24. Ba5 Nd7 25. Rc7 Nb6 26. Rxa7 Na4 27. Rb7 Rc8 28. Rb4 Nc3 29. bxc3 Rf8 30. e4 Rc8 31. exd5 exd5 32. g3 Kh7 33. c4 dxc4 34. dxc4 Re8 35. Rb6 Re4 36. c5 Rxd4 37. c6 Rd1+ 38. Kg2 Rc1 39. Rxa6 Rc5 40. c7 f6 41. Ra8 Rxc7 42. Bxc7 Kg6 43. Ra4 Kf7 44. Rb4 1-0